| 000 | 01541 a2200193 4500 | ||
|---|---|---|---|
| 001 | 25239 | ||
| 005 | 20260407155536.0 | ||
| 008 | 260407a1976 arg spa d | ||
| 003 | AR-UNSa-BCEJYS | ||
| 040 |
_aAR-UNSa-BCEJYS _bspa _cAR-UNSa-BCEJYS |
||
| 080 |
_a343.2 _xDerecho penal |
||
| 245 | 1 | 0 | _aLeyes Penales |
| 264 | 1 |
_aBuenos Aires : _bPlus Ultra _c1976 |
|
| 300 |
_a576 p. _c23 cm. |
||
| 505 | _a1. Patronato de menores - 2. Trabajo de mujeres y menores - 3. Propiedad intelectual - 4. Reincidencia - 5. Profilaxis antivenerea - 6. Trabajo a Domicilo - 7. Conchabadores - 8. Ejercicio profesional de Ciencias Económicas - 9. Prenda con registro - 10. Inasistencia familiar - 11. Armas y explosivos - 12. Deslealtad nacional - 13. Proteción a los animales - 14. Cajas nacionales de previsión - 15. Comunismo - 16. Servicio militar - 17. Movilización - 18. Identificación - 19. Estupefacientes - 19. Expulsión de extranjeros - 20. Deporte - 21. Marcas - 22. Enrolamiento - 23. Monopolio - 24. Registro nacional de las personas - 25. Contrabando - 26. Factura conformada - 27. Defensa nacional - 28. Servicio penitenciario federal - 29. Aeronautica - 30. Usura - 31. Reforma del código penal - 32. Fuero antisubersivo - 32. Empleo de la FF.AA. en estado de sitio - 33. Concursos - 34. Régimen penitenciario de vistas - 35. Actuaciones militares - 36. Detención domiciliaria - 37. Censura - 38. Pena de muerte (derogación). | ||
| 942 | _cBK | ||
| 590 | _aniveau_biblio:m niveau_hierar:0 | ||
| 100 | 1 | _aVázquez Iruzubieta, Carlos | |
| 999 |
_c1346 _d1346 |
||